| 000 | 00455nam a2200169Ia 4500 | ||
|---|---|---|---|
| 005 | 20240731053945.0 | ||
| 008 | 240331s9999 xx 000 0 und d | ||
| 082 |
_bVIM _a291.95 |
||
| 100 | _aVimalananda,T | ||
| 245 | 4 |
_aThe State and Religion in Ceylon Since 1815 _cTennakoon, Vimalananda |
|
| 260 |
_aColombo _bM.D. Gunasena & Co. Ltd _c1971 |
||
| 300 | _alx, 269 p ., | ||
| 650 | _aReligion | ||
| 650 | _aCultural | ||
| 650 | _aSocial | ||
| 942 | _cL | ||
| 999 |
_c5697 _d5697 |
||